000 00396nam a2200157Ia 4500
003 LDD
040 _cLDD
082 _a104 R911M
100 _aRussell, Bertrand
245 0 _aMysticism and logic and other essays
_cBertrand Russell
260 _aLondon
_bGeorge Allen & Unwin
_c1910
300 _avi, 234
365 _b936.00
903 _bGifted by : Dr. Devendra K. Choudhry
942 _2ddc
_cG
999 _c13925
_d13925